|
|
|
|
| LEADER |
01723cas a2200301 a 4500 |
| 001 |
AALejournalIMF021321 |
| 008 |
230101c9999 xx r poo 0 0eng d |
| 020 |
|
|
|c 5.00 USD
|
| 020 |
|
|
|z 9781513559865
|
| 022 |
|
|
|a 2075-8669
|
| 040 |
|
|
|a BD-DhAAL
|c BD-DhAAL
|
| 100 |
1 |
|
|a Brondolo, John.
|
| 245 |
1 |
0 |
|a Tax Administration :
|b Designing a Business Continuity Plan for an Epidemic /
|c John Brondolo, Joshua Aslett, Andja Komso.
|
| 264 |
|
1 |
|a Washington, D.C. :
|b International Monetary Fund,
|c 2020.
|
| 300 |
|
|
|a 1 online resource (29 pages)
|
| 490 |
1 |
|
|a Technical Notes and Manuals
|
| 500 |
|
|
|a <strong>Off-Campus Access:</strong> No User ID or Password Required
|
| 500 |
|
|
|a <strong>On-Campus Access:</strong> No User ID or Password Required
|
| 506 |
|
|
|a Electronic access restricted to authorized BRAC University faculty, staff and students
|
| 520 |
3 |
|
|a This technical note and manual (TNM) addresses the following questions: What is a business continuity plan (BCP) and what are its main components? What are a BCP's key design considerations for an epidemic? What are the organizational and management arrangements for a BCP? How does a BCP maintain a tax agency's critical functions during an epidemic? and How does a tax agency keep its BCP current and ready for deployment?
|
| 538 |
|
|
|a Mode of access: Internet
|
| 650 |
|
7 |
|a Business Continuity Plan
|2 imf
|
| 650 |
|
7 |
|a Crisis Management
|2 imf
|
| 650 |
|
7 |
|a Tax Administration
|2 imf
|
| 700 |
1 |
|
|a Aslett, Joshua.
|
| 700 |
1 |
|
|a Komso, Andja.
|
| 830 |
|
0 |
|a Technical Notes and Manuals; Technical Notes and Manuals ;
|v No. 2020/001
|
| 856 |
4 |
0 |
|z Full text available on IMF
|u http://elibrary.imf.org/view/journals/005/2020/001/005.2020.issue-001-en.xml
|z IMF e-Library
|